G69-银百高速公路途径行政区 - Statistics

General Stats
  • This quiz has been taken 10 times
  • The average score is 14 of 18
Answer Stats
Answer % Correct
银川
100%
吴忠
100%
庆阳
100%
咸阳
100%
西安
89%
咸阳
78%
西安
78%
商洛
78%
安康
78%
重庆
78%
遵义
78%
黔南州
78%
贵阳
78%
黔南州
67%
贵阳
56%
黔南州
56%
河池
56%
百色
56%
No matching quizzes found
Score Distribution
Percent of People with Each Score
Percentile by Number Answered
Your Score History
You have not taken this quiz